00702cam a22001811a 450000100100000000500170001000800410002704000250006808200160009310000390010924500720014826000330022030000290025350400310028260000670031395201250038099900150050500000601420200929151902.0751010s1967 sp a b 000 0 spa d aDO-SdBNPbspacBNPHU axxxxbH967m1 aHurtado Chamorro, Alejandro91694313aLa mitología griega en Ruben Dario /cAlejandro Hurtado Chamorro. aMadrid :bLa Muralla,c1967. a248 p. :bill. ;c21 cm. aBibliografía: p. 245-24810aDARIO, RUBÉN,d1867-1916xCRÍTICA E INTERPRETACIÓN98388 001053728MOaGRbGRcCTd2009-08-25iLF1l0oxxxx H967mp6014-10r2020-06-25te. 1w2020-06-25y2ZPréstamo interno c5810d5810